Mathematical models for bioengineering and probabilistic systems

Shranjeno v:
Bibliografske podrobnosti
Format: Knjiga
Jezik:Undetermined
Izdano: New Delhi, India Narosa Publishing House 2005
Teme:
Oznake: Označite
Brez oznak, prvi označite!
Thư viện lưu trữ: Trung tâm Học liệu Trường Đại học Cần Thơ
LEADER 00693nam a2200193Ia 4500
001 CTU_128339
008 210402s9999 xx 000 0 und d
020 |c 2420000 
082 |a 610.151 
082 |b M426 
245 0 |a Mathematical models for bioengineering and probabilistic systems 
245 0 |c Edited by J. C. Misra 
260 |a New Delhi, India 
260 |b Narosa Publishing House 
260 |c 2005 
650 |a Bioengineering.,Probabilities.,Engineering mathematics.,Công nghệ sinh học,Xác suất,Toán học kỹ trhuật 
650 |x Mathematical models.,Mô hình toán học 
904 |i Minh 
980 |a Trung tâm Học liệu Trường Đại học Cần Thơ